000 01534nam a2200385Ia 4500
001 ebr10370307
003 CaPaEBR
006 m u
007 cr cn|||||||||
008 090807s2010 enka sb 001 0 eng d
010 _z 2009030233
020 _z9780754675686 (hardback : alk. paper)
040 _aCaPaEBR
_cCaPaEBR
035 _a(OCoLC)647885938
050 1 4 _aN380
_b.R48 2010eb
082 0 4 _a701/.18
_222
245 0 0 _aRevisualizing visual culture
_h[electronic resource] /
_cedited by Chris Bailey, Hazel Gardiner.
260 _aFarnham, Surrey ;
_aBurlington, VT :
_bAshgate,
_cc2010.
300 _axx, 183 p. :
_bill.
504 _aIncludes bibliographical references and index.
533 _aElectronic reproduction.
_bPalo Alto, Calif. :
_cebrary,
_d2011.
_nAvailable via World Wide Web.
_nAccess may be limited to ebrary affiliated libraries.
650 0 _aArt
_xHistoriography
_xData processing.
650 0 _aHistoric preservation
_xData processing.
650 0 _aHistoric preservation
_xDocumentation.
650 0 _aCultural property
_xProtection.
650 0 _aInformation storage and retrieval systems
_vArt.
650 0 _aInformation technology.
650 0 _aTechnological innovations.
650 0 _aKnowledge management.
655 7 _aElectronic books.
_2local
700 1 _aBailey, Chris.
700 1 _aGardiner, Hazel.
710 2 _aebrary, Inc.
856 4 0 _uhttp://site.ebrary.com/lib/rucke/Doc?id=10370307
_zAn electronic book accessible through the World Wide Web; click to view
999 _c213454
_d213454